1288 1847 1266 1044 1269 1125 1465 1153 1843 1641 1377 1046 1323 1623 1584 1590 1705 1926 1596 1296 1862 1981 1474 1639 1406 1200 1039 1654 1999 1515 1499 1455 1541 1174 1352 1001 1892 1540 1115 1682 1459 1304 1128 1862 1236 1709 1482 1939 1545 1159 1584 1110 1143 1842 1830 1780 1405 1788 1043 1660 1026 1014 1533 1531 1066 1976 1852 1125 1737 1254 1490 1855 1118 1427 1292 1441 1456 1827 1408 1067 1049 1124 1129 1897 1216 1433 1184 1601 1931 1464 1115 1541 1360 1560 1727 1242 1671 1677 1616 BCNSPRNW ULIB Ver.6.0+V

เปลี่ยนเป็นภาษาไทย

Change to English
 แสดงรายละเอียดบรรณานุกรม
  กลับหน้าหลัก

Brief Record : Get Marc (ISO 2709) : E-mail record : QR code < ปิดหน้าต่าง
LEADER : 00000nam 2200000uu 4500
001    13399121539
003     ULIB
008    121122s2550||||th 000 0 tha d
020    ^a9789741314409
060  4 ^aWW270^bย152ก
100 0  ^aยศอนันต์ ยศไพบูลย์
245 00 ^aการผ่าตัดรักษาจอตาหลอกหลุด ^cยศอนันต์ ยศไพบูลย์
250    ^aพิมพ์ครั้งที่ 2
260    ^aขอนแก่น:^bแอนนาออฟเซท,^c2550.
300    ^a329 หน้า:^bภาพประกอบ
650  7 ^aจอตาหลุด^xการผ่าตัด
650  7 ^aจอตาหลุด^xการรักษา
945    ^p250^l0^i16002
945    ^p250^l0^i16003
995    ^aวิภา
999 ^a ใช้งานได้ทุกระบบ
รายการนี้ยังไม่มีแท็ก
คุณยังไม่ได้ล็อกอิน คุณสามารถมีกิจกรรมร่วมกับเว็บไซต์ได้ แต่ต้องล็อกอินก่อน ::
  ล็อกอิน

รายการสื่อสารสนเทศ

ลำดับที่ ประเภท เลขเรียก/บาร์โค้ด สถานที่ สถานะ
1. วิทยาศาสตร์การแพทย์ และสุขภาพ
วิทยาศาสตร์การแพทย์ และสุขภาพ
WW270 ย152ก  
  Barcode: 16002
ห้องสมุดวิทยาเขตสวรรค์ประชารักษ์
►ส่วนจัดเก็บหนังสือเก่า สปร
บนชั้น
  ขอยืม
2. วิทยาศาสตร์การแพทย์ และสุขภาพ
วิทยาศาสตร์การแพทย์ และสุขภาพ
WW270 ย152ก ฉ.2 
  Barcode: 16003
ห้องสมุดวิทยาเขตสวรรค์ประชารักษ์
►ส่วนจัดเก็บหนังสือเก่า สปร
บนชั้น
  ขอยืม

BibComment


ยังไม่เคยถูกคอมเมนท์

คอมเมนท์ทรัพยากรรายการนี้
  คอมเมนท์: การผ่าตัดรักษาจอ..


 Copyright 2026. Bcnsprnw @Library